000 00746nam a22002177a 4500
999 _c17052
_d17052
003 AR-CdUCM
008 190311b ||||| |||| 00| 0 spa d
040 _aMUNICIPALIDAD PROVINCIAL DEL CUSCO
_cBIBLIOTECA MUNICIPAL DEL CUSCO
082 _a190 /
_bA11
100 _aAbbagnano, Nicola
_94300
245 _aIntroducción al Existencialismo /
260 _aMéxico :
_bFondo de cultura económica ,
_c1955.
300 _a180 páginas ;
_c17 cm.
440 _aBreviarios del fondo de cultura economica
_n108
_936870
505 _aContenido: El existencialismo en General.
650 _aEl Existencialismo
_914672
650 _aIdealismo Moderno
_914673
650 _aFilosofia Moderna
_914674
942 _2ddc
_cLIBROS
945 _adavv
_d07/05/2019